| 000 | 00426nam a2200169 a 4500 | ||
|---|---|---|---|
| 001 | 981 | ||
| 003 | CDMR | ||
| 005 | 20151030104202.0 | ||
| 008 | 130130s1973||||||||||||||||||||||||||||d | ||
| 040 |
_aCDMR _bcat _cCDMR |
||
| 100 | 1 |
_aNoseda, Ricardo _9767 |
|
| 245 | 1 | 3 | _aEl libro y la comunicación social |
| 260 |
_aBuenos Aires _c1973 _bTroquel |
||
| 650 | 0 | 4 |
_94466 _aLlibres |
| 650 | 0 | 4 |
_9388 _aComunicació humana |
| 942 |
_cMON _2udc |
||
| 999 |
_c981 _d981 |
||